|
|
|
|
| LEADER |
00000nab a2200000 a 4500 |
| 001 |
vtls008307549 |
| 003 |
SK-MaSNL |
| 005 |
20260304145516.0 |
| 008 |
250505c2004 xo mr|p|||||||000 b|slo |
| 015 |
|
|
|a SNBRB2005/11
|2 snkbucl
|
| 035 |
|
|
|a (uuid)03b8a2df-8a82-4c04-97aa-5cb185a0061a
|
| 035 |
|
|
|a urn:nbn:sk:snk-ab2dii
|
| 035 |
|
|
|a (urnnbn)urn:nbn:sk:snk:ar-a027hw
|
| 038 |
|
|
|a SNKBUCL
|
| 040 |
|
|
|a SNKBUCL
|b slo
|c SNKBUCL
|e AACR2
|
| 041 |
0 |
|
|a slo
|b eng
|b slo
|
| 044 |
|
|
|a xo
|c SK
|
| 080 |
|
|
|a 636.4.082.23
|2 1997
|
| 100 |
1 |
|
|a Peškovičová, Dana
|4 aut
|9 12858
|
| 245 |
1 |
0 |
|a Genetické zlepšenie veľkosti vrhu v populácii biela ušľachtilá po zavedení animal modelu do genetického hodnotenia ošípaných
|c Dana Peškovičová, Branislav Bobček, Emília Hanusová
|
| 246 |
3 |
1 |
|a Selection response in litter size for large white pigs after introducing animal model in genetic evaluation
|
| 300 |
|
|
|b Obr., tab.
|
| 504 |
|
|
|a Bibliogr. odkazy
|
| 546 |
|
|
|a Res. angl., slov.
|
| 650 |
0 |
7 |
|a ošípané
|2 snkbucl
|9 2795
|
| 650 |
0 |
7 |
|a selekcia (genetika)
|2 snkbucl
|9 1338569
|
| 650 |
0 |
7 |
|a BLUP (metóda)
|2 snkbucl
|9 1452799
|
| 650 |
0 |
7 |
|a animal model
|2 snkbucl
|9 1452798
|
| 700 |
1 |
|
|a Bobček, Branislav,
|d 1944-
|4 aut
|9 38781
|
| 700 |
1 |
|
|a Hanusová, Emília
|4 aut
|9 792684
|
| 773 |
0 |
|
|t Acta fytotechnica et zootechnica
|g Roč. 7, č. 2 (2004), s. 41-45
|x 1335-258X
|
| 850 |
|
|
|a Slovenská národná knižnica
|
| 852 |
|
|
|a Slovenská národná knižnica
|
| 954 |
|
|
|a odborná, vedecká literatúra pôvodná (slovenská)
|2 lita
|
| 958 |
|
|
|a article27
|
| 958 |
|
|
|a NB
|
| 958 |
|
|
|a OND
|
| 958 |
|
|
|a EUIPO
|
| 999 |
|
|
|c 2935846
|d 2937776
|